000 03304 a2200229 4500
001 26840
005 20260407155545.0
008 260407a1978 arg spa d
003 AR-UNSa-BCEJYS
040 _aAR-UNSa-BCEJYS
_bspa
_cAR-UNSa-BCEJYS
080 _a347.736
_xQuiebra. Insolvencia. Suspensión de pagos. Bancarrota, procedimientos. Derecho Concursal
245 1 0 _aConcursos y Quiebras
250 _a3a. ed
264 1 _aBuenos Aires :
_bAbeledo Perrot
_c1978
300 _a997 p.
_c22 cm.
505 _a1. Consideraciones generales - 2. Derecho concursal: Teoría general - 3. Principios generales de la ley 19.551 - 4. El concurso preventivo - 5. Requisitos formales de la demanda de concurso preventiva - 6. Apertura del concurso preventivo - 7. Efectos de la apertura del concurso preventivo - 8. Notificaciones y publicación de edictos - 9. Desistimiento de la demanda de conurso preventivo - 10. El proceso de verificación de créditos - 11. Informe general del sindico - 12. Contendido de la propuesta de acuerdo - 13. La junta de acreedores - 15. Deliberación y votación del acuerdo o concordato - 16. Homologación del acuerdo o concordato - 17. Efectos del acuerdo homologado - 18. Nulidad acuerdo homologado - 19. Incumplimiento del acuerdo homologado - 20. Acuerdo o concordato por cesión de bienes - 21. La quiebra - 22. Casos y presupuestos de la demanda de quiebra. Declaración - 23. Tramité dela demanda de quiebra - 24. La sentencia de quiebra - 25. Recursos contra la sentencia de quiebra - 26. Efectos de la quiebra. Personales respecto del fallido - 27. Despoderamiento - 28. Período de sospecha.Efectos - 29. Efectos de la quiebra sobre las relaciones jurídicas preexixtentes - 30. Efectos de la quiebra sobre determinadas relaciones jurídicas en particular - 31. Extensión de la Quiebra - 32. Responsabilidad de terceros - 33. Incautación, conservación y administración de los bienes - 34. Continuación de la empresa - 35. Período informativo en la quiebra - 36. Liquidación de la quiebra .Realización de bienes - 37. Liquidación de la quiebra. Informe final y distribución - 38. Conclusión de la quiebra.Acuerdo resolutorio - 39. Avenimiento - 40. Pago total - 41. Clausura dell procedimiento de la quiebra distribución final - 42. Clausura por insuficiencia del activo - 43. Clasificación de conducta del fallido y de terceros - 44. Relación entre la calificación de la conducta y la acción penal - 45. Calificación de la conducta. Efectos personales - 46. Calificación de conducta trámite - 47. Rehabilitación del fallido - 48. Liquidación administrativa concursal - 49. Privilegios - 50. El organo jurisdiccional - 51. Funcionarios y empleados de los concursos - 52. Reglación de honorarios - 53. Reglas procesales - 54. Incidentes en los concursos - 55. Los concursos civiles - 56. Registro nacional de los concursos - 57. Disposiciones transitorias de la ley 19.551 - 58. Reformas directivas e indirectas introducidas en la ley 19.551 hasta el presente - Apendice.
942 _cBK
590 _aniveau_biblio:m niveau_hierar:0
100 1 _aGarrone, José Alberto
700 1 _aBonfanti, Mario Alberto
856 4 1 _uhttps://biblioeco.unsa.edu.ar/pmb/images/libros/Concursos y Quiebra 2ed 3ed(2).jpg
_yImagen de portada
_qimage/jpeg
999 _c1501
_d1501